000 00774nam a22002657a 4500
001 BR0505197
003 BR-BrBNA
005 20230928102032.0
007 ta
008 230509b bl.||||| |||| 00| 0 por d
040 _aBR-BrBNA
_bpor
_cBiblioteca Nacional de Agricultura
041 _a(Por)
072 _aE20; E16
090 _ E20 BR0505197
110 1 _aCompanhia de Seguros do Estado de São Paulo, SP (Brasil)
_92415
245 1 _aSeguro agrícola Cosesp para o estado do Paraná
_bPlanilha Técnica 02/2000
260 3 _aSão Paulo, SP (Brasil):
_c2000.
300 _a55 p.
650 _aSEGURO RURAL
650 _aPOLÍTICA AGRÍCOLA
650 _aESTATÍSTICA DE PRODUÇÃO
650 _aPARANÁ
909 _a202309
_bLucia
_c55
_dLucia Elande
942 _cBK
999 _c68820
_d68820